000 00294nam a22001457a 4500
020 _a81-7807-059-6
082 _a894.812.3
_bNIR/K
100 _aG.K, NIRANAM
245 _aKUNJANUJATHIKKU VENDI
250 _aFIRST
260 _c2001
300 _a112
650 _aPLAY
_zKERALA
942 _cBK
999 _c1789
_d1789